| 000 | 00901nam a2200229Ia 4500 | ||
|---|---|---|---|
| 005 | 20240530110945.0 | ||
| 008 | 140319s2021 ua a g 000 0 ara d | ||
| 017 |
_bمصر. دار الكتب _a2047/2021 |
||
| 020 | _a9789776752627 | ||
| 040 |
_aGCL / _cGCL |
||
| 082 | 0 | 4 |
_221 _a303.4833 _bح إ |
| 100 | 0 | _aحنان احمد سليم | |
| 245 | 1 | 2 |
_aالاعلام الرقمى وثقافة الانترنت / _cاعداد وتحرير حنان احمد سليم ؛ تقديم نايف بن ثنيان ال سعود |
| 250 | _aط. 1 | ||
| 260 |
_aالقاهرة : _bروابط للنشر وتقنية المعلومات، _c2021. |
||
| 300 |
_a293 ص. : _bايض ؛ _c24 سم. |
||
| 650 | 0 | 7 | _aالاعلام الرقمى |
| 650 | 0 | 7 | _aالانترنت |
| 700 | 0 |
_aنايف بن ثنيان ال سعود _eمقدم |
|
| 942 |
_2ddc _cBK |
||
| 999 |
_c66898 _d66898 |
||